The Prevention of corrupition act 1988 / (Record no. 144460)

MARC details
000 -LEADER
fixed length control field 00555nam a22001817a 4500
010 ## - LCCN (DPL NO)
LC control number ENG-120654
020 ## - INTERNATIONAL STANDARD BOOK NUMBER
Terms of availability 450.00
International Standard Book Number 9789381113936
035 ## - SYSTEM CONTROL NUMBER
System control number EN-104186
037 ## - SOURCE OF ACQUISITION
Source of stock number/acquisition DBAD/PUB
082 ## - DEWEY DECIMAL CLASSIFICATION NUMBER
Classification number 345.5402323
100 ## - MAIN ENTRY--PERSONAL NAME
Personal name Narayana, P.S.
245 ## - TITLE STATEMENT
Title The Prevention of corrupition act 1988 /
Statement of responsibility, etc by P.S.Narayana
260 ## - PUBLICATION, DISTRIBUTION, ETC. (IMPRINT)
Place of publication, distribution, etc Hyderabad
Name of publisher, distributor, etc Asia Law House
Date of publication, distribution, etc 2012
270 ## - ADDRESS
Address Opp.I.O.B. Bank Street, Kothi,
City Hyderabad
Postal code 500001
300 ## - PHYSICAL DESCRIPTION
Extent xxxii,440p.
Other physical details 24cm(pbk).
500 ## - GENERAL NOTE
General note Includes index
942 ## - ADDED ENTRY ELEMENTS (KOHA)
Source of classification or shelving scheme Dewey Decimal Classification
Item type English Books
Classification part 345.5402323
Call number suffix NAR
Holdings
Withdrawn status Lost status Not for loan Collection code Home library Current library Date acquired Source of acquisition Cost, normal purchase price Full call number Barcode Copy number Cost, replacement price Koha item type
      Non-fiction Patel Nagar Patel Nagar 13/09/2017 DBAD/PUB 450.00 345.5402323 NAR EN-104186 1 450.00 English Books

© Delhi Public Library
Hit Counter
free hit counter